000 00569nam a2200229Ia 4500
003 OSt
005 20220923225935.0
006 a|||||r|||| 00| 0
007 ta
008 Pun
024 _a276,062
037 _cTextual
040 _aARTS
_cARTS
_bPun
041 _2Pun
_aPun
082 _aO153,1NSA,1, L2
100 _aਸਿੰਘ, ਸਾਧੂ
245 0 _aਕਾਕਟੇਲ
260 _c1972
650 _aਪੰਜਾਬੀ ਸਾਹਿਤ
942 _hO153,1NSA,1, L2
_cTEXL
_2CC
999 _c381485
_d381485